| 000 | 00535nam a2200169 a 4500 | ||
|---|---|---|---|
| 001 | 000043438 | ||
| 005 | 20201002040919.0 | ||
| 008 | 140318s1995 sp c 001 0 spa d | ||
| 020 | _a8479741104 | ||
| 040 |
_aDO-SdBNP _bspa _cBNPHU | |
||
| 100 | 1 |
_aGasca, Luís _971116 |
|
| 245 | 1 | 0 |
_aChicos Duros Hombres Canallas / _cLuís Gasca. |
| 260 |
_aValencia : _bMáscara, _c1995. |
||
| 300 |
_a159 p. : _bil., retrs. ; _c30 cm. |
||
| 500 | _aIncluye datos biográficos del autor en la solapa de la contracubierta | ||
| 500 | _aIncluye índice | ||
| 999 |
_c42927 _d42927 |
||